000 00313nam a22001337a 4500
008 181029b xxu||||| |||| 00| 0 eng d
020 _a9780735609259
041 _aeng
080 _a004
100 _a28
101 _aSHK
245 _aMFC Development Using Microsoft Visual C++60
_cWilkins,S
942 _2udc
_cBK
999 _c51019
_d51019